000 00374nam a2200157Ia 4500
003 Ost
005 20260225132559.0
008 260225s9999||||xx |||||||||||||| ||und||
040 _cfsic
041 _afre
082 _a302.23
100 _adominique wolton
_eAuteur
245 0 _aLe Dispositif :
245 0 _bENTRE USAGE ET CONCEPT /
_cdominique wolton
942 _cكتاب
999 _c34651
_d34651